000 00345cam a22001217a 4500
008 180718b1961 xxu||||| |||| 00| 0 eng d
082 _aC4x42 H487
100 _aHeuston, R.F.V.
245 _aEssays in constitutional law
_cby R.F.V. Heuston
260 _aLondon
_bStevens
_c1961
300 _axi,187p
650 _aGreat Britain --Constitutional law
999 _c368312
_d368312